| 000 -LEADER |
| fixed length control field |
00612nam a22001337a 4500 |
| 040 ## - CATALOGING SOURCE |
| Transcribing agency |
RUA |
| 082 ## - DEWEY DECIMAL CLASSIFICATION NUMBER |
| Classification number |
AGR LON 2021 B1.570 Or. |
| 100 ## - MAIN ENTRY--AUTHOR NAME |
| Personal name |
LONG VIMEAN ឡុង វិមាន |
| 245 ## - TITLE STATEMENT |
| Title |
VERMICOMPSE OUALITY PRODUCED FROM VARIOUS EARTHWORM'S FOOD SOURCES. គុណភាពកំប៉ុស្តិ័ជន្លេនតាមរយៈការប្រើប្រាស់ចំណីផ្សេងៗគ្នា |
| 260 ## - PUBLICATION, DISTRIBUTION, ETC. (IMPRINT) |
| Place of publication |
Phnom Penh |
| Name of publisher |
RUA |
| Year of publication |
2021 |
| 300 ## - PHYSICAL DESCRIPTION |
| Number of Pages |
VIII.18P |
| Other physical details |
VI. |
| Dimensions |
29CM |
| 856 ## - ELECTRONIC LOCATION AND ACCESS |
| Uniform Resource Identifier |
https://drive.google.com/file/d/1wDiTe4TwXOjKY3-qk51hlhEmFqE63ktv/view?usp=sharing |
| 942 ## - ADDED ENTRY ELEMENTS (KOHA) |
| Koha item type |
AGR |
| 952 ## - LOCATION AND ITEM INFORMATION (KOHA) |
| Withdrawn status [LOCAL, KOHA] |
0 |
| 952 ## - LOCATION AND ITEM INFORMATION (KOHA) |
| Withdrawn status [LOCAL, KOHA] |
0 |
| 952 ## - LOCATION AND ITEM INFORMATION (KOHA) |
| Withdrawn status [LOCAL, KOHA] |
0 |
| 952 ## - LOCATION AND ITEM INFORMATION (KOHA) |
| Withdrawn status [LOCAL, KOHA] |
0 |